000 00694cam a22002053a 4500
001 38900
003 PGUSA
005 20140828083847.0
008 120216s2012||||xxu|||||s|||||000 | eng d
040 _aPGUSA
_beng
042 _adc
100 1 _aMurphy, John
245 1 2 _aA Chronological Table of the Catholic Primates of Ireland :
_bWith the Years in Which They Succeeded to the Metropolitan Sees of Armagh, Dublin, Cashell and Tuam
_h[electronic resource] /
_cJohn Murphy
260 _bProject Gutenberg,
_c2012
506 _aPublic domain in the USA.
516 _aElectronic text
830 0 _aProject Gutenberg
_v38900
856 4 0 _uhttp://www.gutenberg.org/ebooks/38900
942 _cEB
999 _c268153
_d268153